Xarxa Local de Prevenció de les Drogodependències : presentació de ponències i comunicacions presentació de ponències i comunicacions
Descripción Física:
[244] p. : gràf., taules ; 30 cm
MARC
| LEADER | 00000nam a2200000Ia 4500 | ||
|---|---|---|---|
| 001 | 21112 | ||
| 008 | 160829s2006 xx 000 0 cat d | ||
| 080 | |a S-1-269 | ||
| 100 | |a Xarxa Local de Prevenció de les Drogodependències |9 43101 | ||
| 245 | |a Xarxa Local de Prevenció de les Drogodependències : |b presentació de ponències i comunicacions | ||
| 260 | |a Barcelona : |b Diputació de Barcelona. Àrea de Benestar Social, |c 2006 | ||
| 300 | |a [244] p. : |b gràf., taules ; |c 30 cm | ||
| 650 | |a Drogoaddicció |x Congressos |9 31522 | ||
| 650 | |a Drogues |x Congressos |9 31523 | ||
| 710 | 1 | |a Barcelona (Catalunya : Província). |b Àrea de Benestar Social |9 52988 | |
| 901 | |a Arxiu | ||
| 942 | |n 1 | ||
| 952 | |0 0 |1 0 |4 0 |6 S1269 |7 1 |9 51198 |a Arxiu |b Arxiu |d 2016-12-01 |l 0 |o S-1-269 |p 21112 |r 2016-12-01 00:00:00 |w 2016-12-01 |y ARXIU | ||
| 999 | |c 55041 |d 55041 | ||